[Event "CZE-ch Betsys Online Blitz"]
[Site "Chess.com INT"]
[Date "2021.04.17"]
[Round "10"]
[White "Galda, Tomas"]
[Black "Cmiko, Jakub"]
[Result "1-0"]
[WhiteElo "1552"]
[BlackElo "2043"]
[PlyCount "85"]
[EventDate "2021.04.17"]
[EventType "swiss (blitz)"]
[EventRounds "13"]
[EventCountry "CZE"]
[SourceTitle "CBM 201 Extra"]
[Source "ChessBase"]
[SourceDate "2021.05.31"]
[SourceVersion "1"]
[SourceVersionDate "2021.05.31"]
[SourceQuality "1"]

1. e4 c5 2. Nf3 d6 3. c3 Nf6 4. Be2 Bd7 5. d3 Nc6 6. 0-0 e5 7. Bg5 g6 8. Nbd2 Bg7 9. Nc4 Qc7 10. Ne3 Be6 11. Bxf6 Bxf6 12. c4 0-0 13. Nd2 Nd4 14. Nb3 Bg7 15. Nxd4 cxd4 16. Nc2 f5 17. f3 fxe4 18. fxe4 Qe7 19. Qd2 Qh4 20. Rxf8+ Rxf8 21. Rf1 Rxf1+ 22. Bxf1 Bh6 23. Qf2 Qg5 24. Qe1 Qh5 25. Be2 Bg4 26. Bxg4 Qxg4 27. h3 Qh5 28. Qf1 Be3+ 29. Kh1 Qg5 30. Nb4 Qg3 31. Nd5 Bf4 32. Nxf4 exf4 33. Kg1 Qe3+ 34. Kh1 Qg3 35. Qf3 Kf7 36. Qxg3 fxg3 37. Kg1 Kf6 38. Kf1 Kg5 39. Ke2 Kf4 40. b3 g5 41. b4 h5 42. a4 g4 43. h4 1-0

[Event "CZE-chT2C 1920"]
[Site "Czech Republic"]
[Date "2020.02.09"]
[Round "8.4"]
[White "Cmiko, Jakub"]
[Black "Novotny, Martin"]
[Result "1/2-1/2"]
[WhiteElo "2008"]
[BlackElo "2062"]
[PlyCount "84"]
[EventDate "2019.10.13"]
[EventType "team-tourn"]
[EventRounds "11"]
[EventCountry "CZE"]
[SourceTitle "EXT 2024"]
[Source "ChessBase"]
[SourceDate "2023.10.10"]
[SourceVersion "1"]
[SourceVersionDate "2023.10.10"]
[SourceQuality "1"]
[WhiteTeam "Praha Oaza II"]
[BlackTeam "Ricany 1925"]
[WhiteTeamCountry "CZE"]
[BlackTeamCountry "CZE"]

1. d4 Nf6 2. c4 g6 3. Nc3 Bg7 4. e4 d6 5. Nf3 0-0 6. Be2 e5 7. 0-0 Nc6 8. d5 Ne7 9. Be3 Ng4 10. Bd2 f5 11. Ne1 Nf6 12. f3 f4 13. Nd3 g5 14. Be1 Ng6 15. c5 h5 16. Rc1 Rf7 17. Qb3 g4 18. Bf2 g3 19. hxg3 fxg3 20. Bxg3 h4 21. Bf2 Bh6 22. Rc2 Nh5 23. Nd1 Qg5 24. Re1 Ngf4 25. Nxf4 Nxf4 26. Bf1 Nh3+ 27. Kh1 Nxf2+ 28. Rxf2 Qg3 29. f4 Bxf4 30. Qxg3+ hxg3 31. Rc2 Bg4 32. Be2 Bxe2 33. Rcxe2 dxc5 34. Kg1 Kg7 35. Ne3 Rh8 36. Nf5+ Kg6 37. Rc2 b6 38. b3 Kg5 39. Kf1 Rh1+ 40. Ke2 Rxe1+ 41. Kxe1 Rh7 42. Ke2 Kg4 1/2-1/2

[Event "Pardubice Czech op-E 29th"]
[Site "Pardubice"]
[Date "2018.07.12"]
[Round "1"]
[White "Vrana, Jan"]
[Black "Cmiko, Jakub"]
[Result "1-0"]
[WhiteElo "2328"]
[BlackElo "2003"]
[PlyCount "76"]
[EventDate "2018.07.12"]
[EventType "team"]
[EventRounds "7"]
[EventCountry "CZE"]
[SourceTitle "EXT 2019"]
[Source "ChessBase"]
[SourceDate "2018.10.10"]
[SourceVersion "1"]
[SourceVersionDate "2018.10.10"]
[SourceQuality "1"]
[WhiteTeam "Polabiny"]
[BlackTeam "Praha Oaza III"]
[WhiteTeamCountry "CZE"]
[BlackTeamCountry "CZE"]

1. e4 e5 2. f4 exf4 3. Nf3 d6 4. d4 g5 5. h4 g4 6. Ng1 Qf6 7. Nc3 Ne7 8. Nge2 Bh6 9. Qd2 Bd7 10. g3 Nbc6 11. gxf4 0-0-0 12. Bg2 Rhg8 13. d5 Nb4 14. a3 Na6 15. Qd4 Qxd4 16. Nxd4 Rde8 17. Bd2 Bg7 18. Nde2 f5 19. 0-0-0 Nc5 20. Ng3 fxe4 21. Ncxe4 Nf5 22. Rde1 Bd4 23. Nxf5 Bxf5 24. Ng3 Bd7 25. Ref1 Bb5 26. Re1 Bf2 27. Rxe8+ Rxe8 28. Nh5 Rf8 29. Kd1 Bd4 30. Bc1 Na4 31. c3 Bf2 32. Ng7 Nc5 33. f5 Rf7 34. Bh6 Bd3 35. b4 Na4 36. Kd2 Bxf5 37. Nxf5 Rxf5 38. Rf1 g3 1-0

[Event "Klatovy op-A 24th"]
[Site "Klatovy"]
[Date "2018.07.05"]
[Round "6"]
[White "Bartos, Karel"]
[Black "Cmiko, Jakub"]
[Result "0-1"]
[WhiteElo "1823"]
[BlackElo "2015"]
[PlyCount "76"]
[EventDate "2018.06.30"]
[EventType "swiss"]
[EventRounds "9"]
[EventCountry "CZE"]
[SourceTitle "EXT 2019"]
[Source "ChessBase"]
[SourceDate "2018.10.10"]
[SourceVersion "1"]
[SourceVersionDate "2018.10.10"]
[SourceQuality "1"]

1. e4 e5 2. Nf3 Nc6 3. Nc3 Nf6 4. Bb5 Bb4 5. 0-0 d6 6. d3 Bxc3 7. bxc3 Bd7 8. Bg5 h6 9. Bc1 0-0 10. Re1 Ne7 11. Bc4 b5 12. Bb3 c5 13. a4 bxa4 14. Bc4 Qc7 15. Nh4 Kh7 16. Qf3 Bg4 17. Qg3 Qd7 18. h3 Be6 19. Bxe6 fxe6 20. Bd2 Rab8 21. Ra2 Rb6 22. Rea1 Rfb8 23. Rxa4 Rb1+ 24. Kh2 Rxa1 25. Rxa1 Rb2 26. Rc1 Qa4 27. Qe3 Rxc2 28. Rxc2 Qxc2 29. g4 g5 30. Nf3 Ng6 31. Nxg5+ hxg5 32. Qxg5 Kg7 33. h4 Qxd3 34. h5 Qxe4 35. Qh6+ Kf7 36. hxg6+ Qxg6 37. Qh8 Nxg4+ 38. Kg1 Ne3+ 0-1

[Event "CZE-chT1W 1617"]
[Site "Czech Republic"]
[Date "2017.04.09"]
[Round "11.3"]
[White "Krupicka, Josef1111"]
[Black "Cmiko, Jakub"]
[Result "0-1"]
[WhiteElo "2026"]
[BlackElo "2023"]
[PlyCount "98"]
[EventDate "2016.10.16"]
[EventType "team-tourn"]
[EventRounds "11"]
[EventCountry "CZE"]
[SourceTitle "CBM 177 Extra"]
[Source "ChessBase"]
[SourceDate "2017.04.27"]
[SourceVersion "1"]
[SourceVersionDate "2017.04.27"]
[SourceQuality "1"]
[WhiteTeam "Praha Smichov"]
[BlackTeam "Praha Oaza"]
[WhiteTeamCountry "CZE"]
[BlackTeamCountry "CZE"]

1. d4 Nf6 2. Nf3 g6 3. Bf4 Bg7 4. e3 0-0 5. Be2 d6 6. 0-0 Nbd7 7. c3 c6 8. Nbd2 Qc7 9. e4 e5 10. dxe5 dxe5 11. Be3 h6 12. h3 Re8 13. Ne1 Nf8 14. Nd3 b6 15. Qc2 Bb7 16. b4 Ne6 17. Rfd1 Rad8 18. a4 c5 19. f3 cxb4 20. Nxb4 a5 21. Nd3 Nd4 22. Bxd4 exd4 23. c4 Nh5 24. Qb3 Re6 25. Rab1 Ba6 26. Rdc1 Nf4 27. Bf1 Nxd3 28. Bxd3 Qf4 29. Nf1 Bf8 30. Rc2 Bc5 31. Rf2 g5 32. g3 Qe5 33. Kg2 Rg6 34. Qc2 Bc8 35. Qd2 Kg7 36. Rb2 Bd7 37. Ra2 Bd6 38. Qd1 Rf6 39. Rab2 Bc7 40. Rbe2 h5 41. Rb2 Qe6 42. Kg1 Rh8 43. Rh2 h4 44. Kg2 hxg3 45. Nxg3 Bxg3 46. Kxg3 Rxh3+ 47. Kg2 Rxh2+ 48. Kxh2 Qh3+ 49. Kg1 Rh6 0-1

[Event "CZE-chT1W 1617"]
[Site "Czech Republic"]
[Date "2017.01.22"]
[Round "6.2"]
[White "Cmiko, Jakub"]
[Black "Olsarova, Karolina"]
[Result "0-1"]
[WhiteElo "2023"]
[BlackElo "2205"]
[PlyCount "36"]
[EventDate "2016.10.16"]
[EventType "team-tourn"]
[EventRounds "11"]
[EventCountry "CZE"]
[SourceTitle "CBM 177 Extra"]
[Source "ChessBase"]
[SourceDate "2017.04.27"]
[SourceVersion "1"]
[SourceVersionDate "2017.04.27"]
[SourceQuality "1"]
[WhiteTeam "Praha Oaza"]
[BlackTeam "Jicin II"]
[WhiteTeamCountry "CZE"]
[BlackTeamCountry "CZE"]

1. e4 e5 2. Nf3 Nc6 3. Bb5 Nf6 4. d3 Bc5 5. c3 0-0 6. 0-0 d6 7. Nbd2 Bb6 8. Re1 Ng4 9. Re2 f5 10. h3 Nh6 11. Re1 Qf6 12. exf5 Nxf5 13. Ne4 Qg6 14. Bc4+ Kh8 15. a4 Nfe7 16. Bg5 Bxh3 17. Nh4 Bxf2+ 18. Kh2 Bxh4 0-1

[Event "CZE-chT rap"]
[Site "Pardubice"]
[Date "2015.07.16"]
[Round "1.1"]
[White "Cernousek, Lukas"]
[Black "Cmiko, Jakub"]
[Result "1-0"]
[WhiteElo "2455"]
[BlackElo "2034"]
[PlyCount "39"]
[EventDate "2015.07.16"]
[EventType "team-swiss"]
[EventRounds "7"]
[EventCountry "CZE"]
[SourceTitle "CBM 167 Extra"]
[Source "ChessBase"]
[SourceDate "2015.09.14"]
[SourceVersion "1"]
[SourceVersionDate "2015.09.14"]
[SourceQuality "1"]

1. d4 Nf6 2. c4 e6 3. g3 d5 4. Nf3 Be7 5. Bg2 0-0 6. 0-0 dxc4 7. Qa4 a6 8. Qxc4 b5 9. Qc2 Bb7 10. Bd2 Be4 11. Qc1 Nbd7 12. Ba5 Nb6 13. Nbd2 Bb7 14. Qc2 Rc8 15. b4 h6 16. Rac1 Nfd5 17. a3 Nf6 18. Rfd1 Nfd7 19. e3 Bf6 20. Ng5 1-0

[Event "Prague op-A 13th"]
[Site "Prague"]
[Date "2014.01.10"]
[Round "1"]
[White "Simantsev, Mikhail"]
[Black "Cmiko, Jakub"]
[Result "1-0"]
[WhiteElo "2479"]
[BlackElo "2036"]
[PlyCount "79"]
[EventDate "2014.01.10"]
[EventType "swiss"]
[EventRounds "9"]
[EventCountry "CZE"]
[SourceTitle "CBM 158 Extra"]
[Source "ChessBase"]
[SourceDate "2014.02.28"]
[SourceVersion "1"]
[SourceVersionDate "2014.02.28"]
[SourceQuality "1"]

1. d4 Nf6 2. c4 e6 3. Nc3 Bb4 4. f3 d5 5. a3 Bxc3+ 6. bxc3 0-0 7. cxd5 exd5 8. e3 b6 9. Bd3 Bb7 10. Ne2 Nbd7 11. 0-0 Re8 12. g4 Nf8 13. Ng3 g6 14. g5 N6d7 15. e4 Ne6 16. h4 c5 17. Be3 Qc7 18. Kh2 Nf4 19. e5 Nxd3 20. Qxd3 a5 21. Qd2 b5 22. f4 Rac8 23. Rfc1 Nb6 24. f5 Nc4 25. Qf2 b4 26. axb4 axb4 27. cxb4 cxb4 28. h5 b3 29. Rab1 Ra8 30. Rxb3 Bc6 31. Rbc3 Reb8 32. Bf4 Rb2 33. R3c2 Raa2 34. Rxb2 Rxb2 35. Rc2 Qb6 36. e6 fxe6 37. Rxb2 Nxb2 38. fxg6 hxg6 39. Bd6 Qd8 40. hxg6 1-0

[Event "CZE-chT1W 1314"]
[Site "Czech Republic"]
[Date "2013.11.10"]
[Round "2.7"]
[White "Blazek, Jiri"]
[Black "Cmiko, Jakub"]
[Result "1/2-1/2"]
[WhiteElo "2171"]
[BlackElo "2068"]
[PlyCount "47"]
[EventDate "2013.10.20"]
[EventType "team-tourn"]
[EventRounds "11"]
[EventCountry "CZE"]
[SourceTitle "EXT 2015"]
[Source "ChessBase"]
[SourceDate "2014.11.20"]
[SourceVersion "1"]
[SourceVersionDate "2014.11.20"]
[SourceQuality "1"]
[WhiteTeam "Ceske Budejovice"]
[BlackTeam "Praha Oaza"]
[WhiteTeamCountry "CZE"]
[BlackTeamCountry "CZE"]

1. d4 Nf6 2. c4 e6 3. Nc3 Bb4 4. Qc2 0-0 5. a3 Bxc3+ 6. Qxc3 b6 7. Nf3 Bb7 8. e3 d6 9. Bd3 Nbd7 10. b4 e5 11. dxe5 dxe5 12. Bf5 Re8 13. Bb2 e4 14. Bxd7 Qxd7 15. Ne5 Qe6 16. h3 Red8 17. 0-0 Ne8 18. Rfd1 f6 19. Ng4 Rd7 20. Rxd7 Qxd7 21. Qd4 Rd8 22. Rd1 Qd6 23. c5 Qd5 24. Nh2 1/2-1/2

[Event "CZE-chT2C 1213"]
[Site "Czech Republic"]
[Date "2013.03.24"]
[Round "11.7"]
[White "Janda, Pavel"]
[Black "Cmiko, Jakub"]
[Result "0-1"]
[WhiteElo "2116"]
[BlackElo "2027"]
[PlyCount "74"]
[EventDate "2012.10.14"]
[EventType "team-tourn"]
[EventRounds "11"]
[EventCountry "CZE"]
[SourceTitle "EXT 2015"]
[Source "ChessBase"]
[SourceDate "2014.11.20"]
[SourceVersion "1"]
[SourceVersionDate "2014.11.20"]
[SourceQuality "1"]
[WhiteTeam "Tabor"]
[BlackTeam "Praha Oaza"]
[WhiteTeamCountry "CZE"]
[BlackTeamCountry "CZE"]

1. e4 e5 2. Nf3 Nc6 3. Bc4 Bc5 4. c3 Nf6 5. d3 d6 6. Bb3 Bb6 7. Nbd2 a6 8. h3 0-0 9. Nf1 Ne7 10. Ng3 Ng6 11. 0-0 h6 12. Re1 Re8 13. a4 Be6 14. Bc2 d5 15. d4 exd4 16. e5 Ne4 17. Nxe4 dxe4 18. Bxe4 dxc3 19. Bxb7 Rb8 20. Bxa6 cxb2 21. Bxb2 Bxf2+ 22. Kxf2 Rxb2+ 23. Kg3 Qe7 24. Qc1 Rb3 25. Re3 Rd8 26. Rxb3 Bxb3 27. Qc3 Bd1 28. Bd3 Bxf3 29. Bxg6 Ba8 30. Bh5 Qg5+ 31. Bg4 h5 32. Rf1 hxg4 33. hxg4 Be4 34. Qxc7 Rd3+ 35. Kh2 Qh6+ 36. Kg1 Qe3+ 37. Kh2 Qg3+ 0-1

[Event "CZE-chT1W 1112"]
[Site "Czech Republic"]
[Date "2011.12.11"]
[Round "5.8"]
[White "Cmiko, Jakub"]
[Black "Lacha, Josef"]
[Result "1/2-1/2"]
[WhiteElo "2052"]
[BlackElo "2065"]
[PlyCount "42"]
[EventDate "2011.10.02"]
[EventType "team-tourn"]
[EventRounds "11"]
[EventCountry "CZE"]
[SourceTitle "EXT 2013"]
[Source "ChessBase"]
[SourceDate "2012.11.22"]
[SourceVersion "1"]
[SourceVersionDate "2012.11.22"]
[SourceQuality "1"]
[WhiteTeam "Praha Oaza"]
[BlackTeam "Postovni sporitelna II"]
[WhiteTeamCountry "CZE"]
[BlackTeamCountry "CZE"]

1. e4 c5 2. Nf3 e6 3. d4 cxd4 4. Nxd4 a6 5. Bd3 Bc5 6. Nb3 Ba7 7. Qe2 d6 8. Be3 Nc6 9. 0-0 Nge7 10. Bxa7 Rxa7 11. Nc3 0-0 12. f4 b5 13. Kh1 Rc7 14. a4 b4 15. Nd1 a5 16. Ne3 f5 17. Nc4 Ra7 18. Rad1 d5 19. exd5 Nxd5 20. Qf2 Qc7 21. Nd4 Nxd4 1/2-1/2

[Event "CZE-chT2A 1011"]
[Site "Czech Republic"]
[Date "2011.01.09"]
[Round "5"]
[White "Drabek, Miloslav"]
[Black "Cmiko, Jakub"]
[Result "0-1"]
[WhiteElo "2014"]
[BlackElo "2053"]
[PlyCount "112"]
[EventDate "2010.10.17"]
[EventType "team-tourn"]
[EventRounds "11"]
[EventCountry "CZE"]
[SourceTitle "EXT 2012"]
[Source "ChessBase"]
[SourceDate "2011.11.24"]
[SourceVersion "1"]
[SourceVersionDate "2011.11.24"]
[SourceQuality "1"]
[WhiteTeam "Pisek Platan"]
[BlackTeam "Praha Oaza"]
[WhiteTeamCountry "CZE"]
[BlackTeamCountry "CZE"]

1. d4 Nf6 2. Nf3 e6 3. c4 Bb4+ 4. Bd2 Qe7 5. a3 Bxd2+ 6. Qxd2 0-0 7. Nc3 d6 8. e4 e5 9. d5 a5 10. Be2 Nbd7 11. 0-0 Nc5 12. Qc2 a4 13. Nd2 Ne8 14. b4 axb3 15. Nxb3 Nxb3 16. Qxb3 b6 17. Qc2 Qg5 18. Qc1 Qxc1 19. Rfxc1 f5 20. exf5 Bxf5 21. f3 Bd7 22. Bd3 Nf6 23. g3 Ra5 24. Ra2 Rfa8 25. Nb1 Ba4 26. Rb2 Nd7 27. Rc3 Nc5 28. Kf2 Bd7 29. Bc2 Kf7 30. Ke3 Kf6 31. g4 Kg5 32. Bd1 h6 33. Rd2 Be8 34. Bc2 Bf7 35. Kf2 Kf4 36. Re3 Kg5 37. Kg1 Na4 38. Bd1 Nc5 39. Bc2 Be8 40. Kf2 Ba4 41. Kg3 Bxc2 42. Rxc2 Rf8 43. h4+ Kg6 44. Nd2 Rf4 45. Rcc3 Rd4 46. Rc2 Ra4 47. Rb2 h5 48. Rc2 hxg4 49. fxg4 b5 50. g5 bxc4 51. Nf3 Rd3 52. Rxd3 cxd3 53. Ra2 e4 54. Ng1 e3 55. Kf3 e2 56. Ra1 Nb3 0-1

[Event "CZE-chT rap"]
[Site "Pardubice"]
[Date "2010.07.15"]
[Round "1.5"]
[White "Cmiko, Jakub"]
[Black "Voloshin, Leonid"]
[Result "0-1"]
[WhiteElo "2052"]
[BlackElo "2453"]
[PlyCount "82"]
[EventDate "2010.07.15"]
[EventType "team-swiss"]
[EventRounds "7"]
[EventCountry "CZE"]
[SourceTitle "CBM 137 Extra"]
[Source "ChessBase"]
[SourceDate "2010.09.01"]
[SourceVersion "1"]
[SourceVersionDate "2010.09.01"]
[SourceQuality "1"]

1. e4 c5 2. Nf3 e6 3. d4 cxd4 4. Nxd4 a6 5. Bd3 Bc5 6. Nb3 Ba7 7. Qe2 Nc6 8. Be3 Nge7 9. 0-0 e5 10. Nc3 d6 11. a4 Bxe3 12. Qxe3 Be6 13. Nd2 Nb4 14. Kh1 0-0 15. Rac1 Rc8 16. Nf3 h6 17. Nh4 Nec6 18. g3 Nxd3 19. cxd3 d5 20. Ne2 d4 21. Qd2 Qa5 22. Qd1 Qb4 23. Ng1 Ne7 24. Qh5 f6 25. f4 Qxa4 26. fxe5 Qb5 27. Ng6 Nxg6 28. Qxg6 Qxe5 29. Nf3 Qd6 30. Nh4 Qd7 31. Qh5 Bg4 32. Qg6 Bh3 33. Rfe1 Rxc1 34. Rxc1 Rc8 35. Re1 Qf7 36. Qxf7+ Kxf7 37. Nf3 Rc2 38. Nxd4 Rxb2 39. Rc1 a5 40. Kg1 a4 41. Rc7+ Kg6 0-1

[Event "CZE-chT2C 0910"]
[Site "Czech Republic"]
[Date "2010.03.14"]
[Round "9.6"]
[White "Fiedler, Bedrich"]
[Black "Cmiko, Jakub"]
[Result "1/2-1/2"]
[WhiteElo "2117"]
[BlackElo "2056"]
[PlyCount "85"]
[EventDate "2009.10.18"]
[EventType "team-tourn"]
[EventRounds "11"]
[EventCountry "CZE"]
[SourceTitle "EXT 2011"]
[Source "ChessBase"]
[SourceDate "2010.11.26"]
[SourceVersion "1"]
[SourceVersionDate "2010.11.26"]
[SourceQuality "1"]
[WhiteTeam "Lipa"]
[BlackTeam "Praha Oaza"]
[WhiteTeamCountry "CZE"]
[BlackTeamCountry "CZE"]

1. d4 Nf6 2. Nf3 e6 3. c4 Bb4+ 4. Bd2 Qe7 5. g3 0-0 6. Bg2 Bxd2+ 7. Qxd2 d6 8. Nc3 e5 9. 0-0 Nbd7 10. Rac1 a5 11. Rfd1 c6 12. dxe5 dxe5 13. Qd6 Re8 14. Qxe7 Rxe7 15. Na4 Rb8 16. c5 e4 17. Nd4 Ne5 18. f3 Nd5 19. fxe4 Ne3 20. Rd2 Nxg2 21. Kxg2 Be6 22. Nxe6 Rxe6 23. Nb6 g6 24. h3 Rbe8 25. Rd4 Kg7 26. Rc3 f5 27. exf5 gxf5 28. e4 Nf7 29. exf5 Re2+ 30. Kf3 Rxb2 31. Nc4 Rxa2 32. Rb3 Re7 33. Nd6 Ne5+ 34. Kf4 Rf2+ 35. Kg5 Nf3+ 36. Rxf3 Rxf3 37. f6+ Rxf6 38. Nf5+ Rxf5+ 39. Kxf5 Rf7+ 40. Ke5 Re7+ 41. Kf5 Rf7+ 42. Ke5 Re7+ 43. Kf5 1/2-1/2

[Event "CZE-chT2C 0910"]
[Site "Czech Republic"]
[Date "2010.02.28"]
[Round "8.5"]
[White "Bauma, Jiri"]
[Black "Cmiko, Jakub"]
[Result "1/2-1/2"]
[WhiteElo "2211"]
[BlackElo "2056"]
[PlyCount "105"]
[EventDate "2009.10.18"]
[EventType "team-tourn"]
[EventRounds "11"]
[EventCountry "CZE"]
[SourceTitle "EXT 2011"]
[Source "ChessBase"]
[SourceDate "2010.11.26"]
[SourceVersion "1"]
[SourceVersionDate "2010.11.26"]
[SourceQuality "1"]
[WhiteTeam "Praha Dukla"]
[BlackTeam "Praha Oaza"]
[WhiteTeamCountry "CZE"]
[BlackTeamCountry "CZE"]

1. e4 e5 2. Bc4 Nc6 3. d3 Nf6 4. Nc3 Bc5 5. Bg5 h6 6. Bh4 g5 7. Bg3 d6 8. Na4 a6 9. Nxc5 dxc5 10. f3 Qe7 11. h4 Nh5 12. Bf2 Nf4 13. g3 Ng6 14. hxg5 hxg5 15. Rxh8+ Nxh8 16. f4 gxf4 17. gxf4 exf4 18. Qh5 Qe5 19. Qh7 Qxb2 20. Qg8+ Kd7 21. Rd1 Nd4 22. Bxf7 Nxc2+ 23. Kf1 Kc6 24. Be8+ Kb6 25. Qg5 Ne3+ 26. Bxe3 fxe3 27. Qxe3 Bg4 28. Rc1 Qe5 29. Ba4 Rf8+ 30. Ke1 Ng6 31. Bd1 Nf4 32. Rc2 Bxd1 33. Kxd1 Qd4 34. Qxd4 cxd4 35. Rb2+ Kc6 36. Ne2 Ne6 37. Rb4 Rd8 38. a4 b5 39. axb5+ axb5 40. Kd2 Kb6 41. Rb1 c5 42. Rg1 Rd6 43. Ng3 Nc7 44. Nf5 Re6 45. Rg7 Ne8 46. Rd7 Kc6 47. Rh7 Nc7 48. Ne7+ Kb6 49. Nc8+ Kb7 50. Ne7 Kb6 51. Nc8+ Kb7 52. Ne7 Kb6 53. Nc8+ 1/2-1/2